2009 Pre-budget report (Record no. 110321)
[ view plain ]
| 000 -LEADER | |
|---|---|
| fixed length control field | 01687cad a22002535a 4500 |
| 001 - CONTROL NUMBER | |
| control field | L148996 |
| 008 - FIXED-LENGTH DATA ELEMENTS--GENERAL INFORMATION | |
| fixed length control field | 091214e20091209xxkd f s f000 0 eng d |
| 020 ## - INTERNATIONAL STANDARD BOOK NUMBER | |
| International Standard Book Number | 9780101774727 |
| 035 ## - SYSTEM CONTROL NUMBER | |
| System control number | (Sirsi) u148996 |
| 041 0# - LANGUAGE CODE | |
| Language code of text/sound track or separate title | eng |
| 050 04 - LIBRARY OF CONGRESS CALL NUMBER | |
| Classification number | 352.4941 $2 18 |
| 110 1# - MAIN ENTRY--CORPORATE NAME | |
| Corporate name or jurisdiction name as entry element | United Kingdom |
| Subordinate unit | HM Treasury |
| 245 00 - TITLE STATEMENT | |
| Title | 2009 Pre-budget report |
| Remainder of title | securing the recovery, growth and opportunity |
| Medium | [electronic resource] |
| 260 ## - PUBLICATION, DISTRIBUTION, ETC. | |
| Place of publication, distribution, etc. | London |
| Name of publisher, distributor, etc. | TSO |
| Date of publication, distribution, etc. | 2009 |
| 490 #0 - SERIES STATEMENT | |
| Series statement | TSO Cm |
| Volume/sequential designation | (7747) 9 December 2009 |
| 505 2# - FORMATTED CONTENTS NOTE | |
| Formatted contents note | Overview -- Maintaining macroeconomic stability -- Reforming financial services -- Supporting business and growth -- Achieving fairness and providing opportunity -- Protecting public services -- Supporting low-carbon growth -- Annex A: The economy -- Annex B: The public finances |
| 520 ## - SUMMARY, ETC. | |
| Summary, etc. | Details government's tax and spending plans, including public investment, and provides updated forecasts for the economy and projections for public finances. Key measures include: supporting business and growth by extending empty property relief; promoting low carbon growth; ensuring young jobseekers have access to work, work placement or work-related skills; increasing rates of national insurance contributions; restricting pensions tax relief for those who earn over £150 000. Suggests that Government will stick to planned levels of overall departmental spending in 2010-2011. |
| 590 ## - LOCAL NOTE (RLIN) | |
| Local note | KA |
| 650 24 - SUBJECT ADDED ENTRY--TOPICAL TERM | |
| Topical term or geographic name entry element | PRE-BUDGET REPORT |
| 651 #4 - SUBJECT ADDED ENTRY--GEOGRAPHIC NAME | |
| Geographic name | England and Wales |
| Chronological subdivision | 1543- |
| 690 ## - LOCAL SUBJECT ADDED ENTRY--TOPICAL TERM (OCLC, RLIN) | |
| Topical term or geographic name as entry element | MANAGEMENT-BUSINESS MANAGEMENT-FINANCIAL MANAGEMENT |
| 856 40 - ELECTRONIC LOCATION AND ACCESS | |
| Uniform Resource Identifier | <a href="https://www.hm-treasury.gov.uk/prebud_pbr09_repindex.htm">https://www.hm-treasury.gov.uk/prebud_pbr09_repindex.htm</a> |
| Hours access method available | View the report free of charge at www.hm-treasury.gov.uk... |
| 942 ## - ADDED ENTRY ELEMENTS (KOHA) | |
| Suppress in OPAC | 0 |
| Withdrawn status | Lost status | Source of classification or shelving scheme | Damaged status | Not for loan | Home library | Current library | Shelving location | Date acquired | Total Checkouts | Full call number | Barcode | Date last seen | Copy number | Price effective from | Koha item type |
|---|---|---|---|---|---|---|---|---|---|---|---|---|---|---|---|
| Dewey Decimal Classification | Virtual | Virtual | Online | 14/12/2009 | ONLINE PUBLICATION | 148996-2001 | 06/08/2019 | 1 | 06/08/2019 | Book |